000 00285nam a2200133Ia 4500
100 _aPaton/B
942 _cBK
654 _aSlag Welding
245 _aElectric Slag Welding
260 _bForeign Language Publication
_c2001
082 _a671.5
300 _a364
546 _aENGLISH
999 _c28987
_d28987